[Event "BCC Championship"]
[Site "Berkeley"]
[Date "2008.12.19"]
[Round "8"]
[White "Clara, John A"]
[Black "van Gorder, Neil A"]
[Result "1-0"]
[WhiteElo "1410"]
[BlackElo "1524"]
[PlyCount "95"]
[EventDate "2008.??.??"]
[SourceDate "2007.10.22"]

1. e4 c5 2. Nf3 d6 3. d4 cxd4 4. Nxd4 Nf6 5. Nc3 g6 6. Bc4 Bg7 7. f3 O-O 8. Be3
Bd7 9. Qd2 Nc6 10. O-O-O Ne5 11. Bb3 Rc8 12. Bh6 Nc4 13. Bxc4 Rxc4 14. h4 Qa5
15. Nb3 Qa6 16. h5 Rfc8 17. g4 Be6 18. Bxg7 Kxg7 19. hxg6 fxg6 20. Qh6+ Kf7 21.
g5 Rh8 22. gxf6 exf6 23. Qe3 h5 24. a3 h4 25. Nd5 Qc6 26. Nb4 Qa4 27. Rxd6 Rxb4
28. axb4 Bxb3 29. Qxb3+ Qxb3 30. cxb3 g5 31. Rd7+ Kg6 32. Rxb7 h3 33. Rxa7 Rb8
34. Rxh3 Rxb4 35. Kc2 Rb6 36. Rhh7 f5 37. exf5+ Kxf5 38. Ra5+ Kg6 39. Rc7 Rf6
40. Rcc5 Rxf3 41. Rxg5+ Kf6 42. Rgf5+ Rxf5 43. Rxf5+ Kxf5 44. Kc3 Ke5 45. Kc4
Kd6 46. Kb5 Kc7 47. Ka6 Kc6 48. b4 1-0

[Event "Berkeley CC Ch2011 FNM; 30/90, SD/30"]
[Site "Berkeley"]
[Date "2011.11.18"]
[Round "3.11"]
[White "Colchero, Alex"]
[Black "Shen, Justin"]
[Result "1-0"]
[WhiteElo "1639"]
[BlackElo "1352"]
[PlyCount "114"]
[EventDate "2011.??.??"]
[SourceDate "2007.10.22"]

1. d4 Nf6 2. c4 e6 3. Nc3 Bb4 4. Bg5 b6 5. e4 h6 6. Bxf6 Qxf6 7. a3 Bxc3+ 8.
bxc3 Bb7 9. Bd3 c5 10. Ne2 O-O 11. d5 Qg5 12. O-O f5 13. exf5 exf5 14. f4 Qg4
15. Qc2 b5 16. Rab1 a6 17. Ng3 g6 18. Rbe1 Bc8 19. cxb5 axb5 20. Bxb5 Rxa3 21.
Qb2 Ra7 22. Be2 Qh4 23. Qxb8 Rb7 24. Qd6 Qf6 25. Qxf6 Rxf6 26. Bd3 Rb3 27. Re8+
Rf8 28. Rfe1 Rxc3 29. Bb1 Bb7 30. d6 Rb3 31. Ba2 c4 32. Bxb3 cxb3 33. Rxf8+
Kxf8 34. Rb1 Bd5 35. Ne2 Kf7 36. Nd4 Be4 37. Rxb3 Bd5 38. Rb8 Be6 39. Nxe6 Kxe6
40. Rg8 Kf7 41. Rh8 g5 42. Rxh6 g4 43. Kf2 Kg7 44. Rh5 Kg6 45. Rg5+ Kf6 46. g3
Ke6 47. Ke3 Kf6 48. Kd4 Ke6 49. Kc5 Kf6 50. Kb6 Ke6 51. Kc7 Kf6 52. Kxd7 Kf7
53. Rxf5+ Kg7 54. Ke7 Kg6 55. Rg5+ Kh7 56. Kf7 Kh6 57. d7 Kh7 1-0

[Event "Berkeley CC Ch2011 FNM; 30/90, SD/30"]
[Site "Berkeley"]
[Date "2011.11.18"]
[Round "3.12"]
[White "Colchero, Olie"]
[Black "Sowell, Nelson M"]
[Result "1-0"]
[WhiteElo "1035"]
[BlackElo "1700"]
[PlyCount "64"]
[EventDate "2011.??.??"]
[SourceDate "2007.10.22"]

1. e4 Nf6 2. e5 Nd5 3. d4 d6 4. c4 Nb6 5. Nf3 Bg4 6. Be2 e6 7. Nc3 Be7 8. Qd3
O-O 9. h3 Bf5 10. Qd2 Nc6 11. g4 Bg6 12. h4 h5 13. Rg1 dxe5 14. gxh5 Bf5 15. h6
g6 16. h7+ Kh8 17. Qh6 Nxd4 18. Nxe5 Nxe2 19. Nxe2 Bb4+ 20. Nc3 Qf6 21. Bf4 Qg7
22. h5 Qxh6 23. Bxh6 Rfe8 24. Nxf7+ Kxh7 25. hxg6+ Bxg6 26. Ne5 Bxc3+ 27. bxc3
Bh5 28. Be3 Rh8 29. Rh1 Kg8 30. Bd4 Rh7 31. Rg1+ Rg7 32. Kd2 Nd7 {
remainder illegible} 1-0

[Event "BCC Annual Championship"]
[Site "?"]
[Date "2008.11.07"]
[Round "3"]
[White "Cole, Tony"]
[Black "Adsuara, Percival"]
[Result "0-1"]
[WhiteElo "1330"]
[BlackElo "1713"]
[PlyCount "76"]
[EventDate "2008.??.??"]
[SourceDate "2007.10.22"]

1. e4 c5 2. Nc3 d6 3. d4 cxd4 4. Qxd4 Nc6 5. Bb5 Bd7 6. Bxc6 Bxc6 7. Nf3 e5 8.
Qc4 Be7 9. O-O Nf6 10. Ng5 O-O 11. f4 Ng4 12. h3 Bxg5 13. fxg5 Qb6+ 14. Kh1 Ne3
15. Bxe3 Qxe3 16. h4 Qg3 17. Rf3 Qxh4+ 18. Rh3 Qxg5 19. Qe2 Bd7 20. Rh2 Rac8
21. Rg1 f5 22. Rh5 Qg6 23. Nd5 Rf7 24. c3 fxe4 25. g4 Rcf8 26. Qc4 Kh8 27. Qe2
Rf2 28. Qd1 e3 29. Nxe3 Bc6+ 30. Ng2 Bxg2+ 31. Rxg2 Rf1+ 32. Rg1 Qe4+ 33. Kh2
R1f2+ 34. Kh3 R8f3+ 35. Rg3 Rxg3+ 36. Kxg3 Qg2+ 37. Kh4 Qh2+ 38. Kg5 h6+ 0-1

[Event "Blackburne Friday Night Marathon"]
[Site "Berkeley"]
[Date "2009.03.13"]
[Round "1"]
[White "Cole, Tony"]
[Black "Andries, W Craig"]
[Result "0-1"]
[WhiteElo "1413"]
[BlackElo "1867"]
[PlyCount "80"]
[EventDate "2009.??.??"]
[SourceDate "2007.10.22"]

1. e4 d6 2. Nf3 Nf6 3. Nc3 e5 4. d4 Nbd7 5. Bc4 h6 6. Be3 c6 7. Qd2 b5 8. Bd3
Be7 9. d5 cxd5 10. Nxd5 Nxd5 11. exd5 a6 12. a4 Rb8 13. axb5 axb5 14. Qb4 O-O
15. O-O Nf6 16. Be4 Ng4 17. h3 Nxe3 18. fxe3 f5 19. Bd3 e4 20. Nd4 exd3 21. Nc6
Qc7 22. Nxb8 Qxb8 23. cxd3 Qb6 24. d4 Bg5 25. Rfe1 f4 26. exf4 Bxf4 27. Re4 Bg5
28. Qa5 Qb7 29. Qa2 Qf7 30. b4 Qg6 31. Qe2 Bf4 32. Ra8 Bg3 33. Ra1 Bf5 34. Re7
Bxh3 35. Rf1 Bf5 36. Qxb5 Qh5 37. Rxg7+ Kxg7 38. Rxf5 Rxf5 39. Qd7+ Rf7 40.
Qxf7+ Qxf7 0-1

[Event "Berkeley CC FNM; 30/90, SD/30"]
[Site "Berkeley"]
[Date "2009.05.15"]
[Round "3.8"]
[White "Cole, Tony"]
[Black "Craven, Richard M"]
[Result "1-0"]
[WhiteElo "1384"]
[BlackElo "1550"]
[PlyCount "113"]
[EventDate "2009.??.??"]
[SourceDate "2007.10.22"]

1. e4 e5 2. Nf3 Nc6 3. d4 exd4 4. Nxd4 Bc5 5. Be3 Qf6 6. c3 Nge7 7. Nb5 Bxe3 8.
fxe3 Qe5 9. Qf3 O-O 10. Nd2 d5 11. O-O-O Be6 12. exd5 Bxd5 13. Qf4 Qxf4 14.
exf4 Rac8 15. h4 a6 16. Na3 Nf5 17. Re1 Ng3 18. Rh2 Rfe8 19. Rxe8+ Rxe8 20. Nc2
Bxa2 21. Bd3 Ne2+ 22. Bxe2 Rxe2 23. b3 Na5 24. Nd4 Rf2 25. b4 Nc4 26. N2f3 Rf1+
27. Kc2 Bb1+ 28. Kb3 b5 29. g4 Bd3 30. Ne5 Nxe5 31. fxe5 Re1 32. Nf3 Re3 33.
Rf2 Bc4+ 34. Kc2 Re2+ 35. Rxe2 Bxe2 36. Nh2 f6 37. Kd2 Bc4 38. Nf3 Kf7 39. g5
Bd5 40. Ke3 Ke6 41. exf6 Bxf3 42. fxg7 Kf7 43. g8=Q+ Kxg8 44. Kxf3 Kg7 45. h5
Kf7 46. Ke4 Ke6 47. Kf4 c6 48. g6 hxg6 49. hxg6 Kf6 50. g7 Kxg7 51. Ke5 Kf7 52.
Kd6 Kf6 53. Kxc6 Ke5 54. Kb6 Kd5 55. Kxa6 Kc4 56. Ka5 Kxc3 57. Kxb5 {and W won}
1-0

[Event "Berkeley CC FNM; 30/90, SD/30"]
[Site "Berkeley"]
[Date "2009.05.01"]
[Round "1.4"]
[White "Cole, Tony"]
[Black "Glasscoe, Alan S"]
[Result "0-1"]
[WhiteElo "1384"]
[BlackElo "1847"]
[PlyCount "128"]
[EventDate "2009.??.??"]
[SourceDate "2007.10.22"]

1. e4 Nc6 2. d4 d5 3. e5 Bf5 4. Bb5 e6 5. Nf3 Nge7 6. Bg5 Qd7 7. Nc3 h6 8. Be3
Ng6 9. a3 Be7 10. O-O Nh4 11. Nxh4 Bxh4 12. Qh5 Be7 13. Ba4 Bg6 14. Qe2 a6 15.
b4 b5 16. Bb3 O-O 17. Qg4 Bf5 18. Qg3 Kh7 19. Qf4 Bg5 20. Qg3 Qd8 21. f4 Be7
22. Qf3 Kh8 23. g4 Bh7 24. f5 Bg5 25. f6 gxf6 26. exf6 Rg8 27. Bxg5 Rxg5 28. h4
Rg6 29. Qf4 Qd6 30. Ne2 Rag8 31. Qxd6 cxd6 32. g5 hxg5 33. h5 Rh6 34. Ng3 Nxd4
35. Rad1 Nf5 36. Nxf5 Bxf5 37. Bxd5 exd5 (37... Bh3 38. Bg2 Bxg2 39. Kxg2 d5)
38. Rxf5 Rxh5 39. Rdxd5 Kh7 40. Rxd6 Kg6 41. Rf2 Rgh8 42. Rxa6 Rh1+ 43. Kg2
R8h2+ 44. Kg3 Rh3+ 45. Kg2 g4 46. Rf4 Kg5 47. Rd4 R1h2+ 48. Kg1 Rxc2 49. Ra5
Rb3 50. Rxb5+ Kh4 51. Rbd5 Rxa3 52. Rd3 Rc1+ 53. Kg2 Rc2+ 54. Rd2 Rg3+ 55. Kf2
Rcc3 56. Rd8 Rcf3+ 57. Ke1 Rg1+ 58. Ke2 Rg2+ 59. Ke1 Rxd2 60. Kxd2 Rxf6 61. Rd4
Kh3 62. Ke2 g3 63. Rd8 Kg2 64. Rg8 Rf2+ 0-1

[Event "BCC David Pruess Marathon"]
[Site "?"]
[Date "2008.09.05"]
[Round "1.4"]
[White "Cole, Tony"]
[Black "Krasnov, Steven"]
[Result "0-1"]
[WhiteElo "1391"]
[BlackElo "1933"]
[PlyCount "60"]
[EventDate "2008.??.??"]
[SourceDate "2007.10.22"]

1. e4 e6 2. Nf3 d5 3. exd5 exd5 4. d4 Nf6 5. Bg5 Be7 6. Nc3 O-O 7. Qd3 Be6 8.
O-O-O a6 9. Be2 Nbd7 10. h3 Rc8 11. g3 b5 12. Ne5 c5 13. Bxf6 Nxf6 14. f4 b4
15. Nb1 Ne4 16. Rdf1 cxd4 17. Bf3 Nxg3 18. Qxd4 Nxf1 19. Rxf1 Bf5 20. Bd1 Bc5
21. Qd2 Qb6 22. Qg2 f6 23. Ng4 Be4 24. Qg3 h5 25. Nf2 Be3+ 26. Nd2 Qd4 27.
Nfxe4 dxe4 28. Kb1 Qxd2 29. Bxh5 Qxc2+ 30. Ka1 Qc1+ 0-1

[Event "Blackburne Friday Night Marathon"]
[Site "Berkeley"]
[Date "2009.03.27"]
[Round "3.6"]
[White "Cole, Tony"]
[Black "Krasnov, Steven L"]
[Result "0-1"]
[WhiteElo "1413"]
[BlackElo "1941"]
[PlyCount "60"]
[EventDate "2009.??.??"]
[SourceDate "2007.10.22"]

1. e4 c5 2. Nc3 d6 3. Nf3 Nc6 4. d4 cxd4 5. Nxd4 Bd7 6. Be3 Nf6 7. Bd3 Ng4 8.
Qd2 g6 9. O-O Nxe3 10. fxe3 Bg7 11. Qf2 O-O 12. Nf3 e6 13. Qg3 Ne5 14. Rf2 Qb6
15. Nxe5 Bxe5 16. Qh4 Qxb2 17. Rb1 Qxc3 18. Rf3 Bg7 19. Rh3 h6 20. Rf1 Qe5 21.
g4 Bc6 22. Rhf3 Bxe4 23. Bxe4 Qxe4 24. Rh3 Rac8 25. Qe7 Rxc2 26. Rhf3 Qxg4+ 27.
Rg3 Qe2 28. Qxf8+ Kxf8 29. Rxf7+ Kxf7 30. Rf3+ Qxf3 0-1

[Event "Berkeley CC Santasiere FNM; 30/90, SD/3"]
[Site "Berkeley CA"]
[Date "2009.08.07"]
[Round "1.3"]
[White "Cole, Tony"]
[Black "Krasnov, Steven"]
[Result "0-1"]
[WhiteElo "1504"]
[BlackElo "1893"]
[PlyCount "78"]
[EventDate "2009.??.??"]
[SourceDate "2007.10.22"]

1. e4 c5 2. Nf3 d6 3. Nc3 Nc6 4. d4 cxd4 5. Nxd4 Nf6 6. Be3 a6 7. Bd3 Ng4 8.
O-O g6 9. h3 Nxe3 10. fxe3 Bg7 11. Bc4 Ne5 12. Bb3 Bd7 13. Nf3 O-O 14. Rb1 b5
15. Ne2 Qb6 16. Ned4 a5 17. a3 Rac8 18. c3 Bh6 19. Qe2 a4 20. Bc2 Nc4 21. b3
Nxe3 22. Rfe1 e5 23. bxa4 exd4 24. Nxd4 Nxc2 25. Red1 Rxc3 26. Kh1 Nxd4 27. Qb2
Rc4 28. axb5 Bg7 29. Qf2 Rc2 30. Qg1 Qc5 31. Rb4 Ne2 32. Qxc5 dxc5 33. Rb3 Be6
34. Rbd3 Bc4 35. Rf3 Be5 36. b6 Ng3+ 37. Kg1 Be2 38. Rb1 Bxf3 39. gxf3 Bd4# 0-1

[Event "Blackburne Friday Night Marathon"]
[Site "Berkeley"]
[Date "2009.04.17"]
[Round "6.7"]
[White "Cole, Tony"]
[Black "Magganas, Aristotle"]
[Result "1-0"]
[WhiteElo "1413"]
[BlackElo "1097"]
[PlyCount "65"]
[EventDate "2009.??.??"]
[SourceDate "2007.10.22"]

1. e4 e5 2. Nf3 Nc6 3. d4 exd4 4. Nxd4 Nf6 5. Nxc6 bxc6 6. e5 Nd5 7. c4 Nb6 8.
Nc3 Bb4 9. Bd2 O-O 10. Be2 Re8 11. f4 Ba6 12. b3 Bc5 13. Ne4 Qe7 14. Qc2 d6 15.
Nxc5 dxc5 16. O-O Rad8 17. Rad1 f6 18. Bc3 Nd7 19. Qe4 Bb7 20. Bd3 g6 21. f5
Nxe5 22. Bxe5 Qxe5 23. Qxe5 Rxe5 24. fxg6 hxg6 25. Bxg6 Rxd1 26. Rxd1 Re2 27.
Bb1 Kf7 28. Kf1 Re8 29. Rd7+ Ke6 30. Rxc7 Rd8 31. Ke2 Bc8 32. Rxc6+ Kf7 33.
Rc7+ 1-0

[Event "BCC Josh Friedel Marathon"]
[Site "Berkeley"]
[Date "2008.07.25"]
[Round "3.6"]
[White "Cole, Tony"]
[Black "Mann, Steven David"]
[Result "1-0"]
[WhiteElo "1409"]
[BlackElo "1344"]
[PlyCount "43"]
[EventDate "2008.??.??"]
[SourceDate "2007.10.22"]

1. e4 e6 2. Nf3 d5 3. exd5 exd5 4. d4 Nf6 5. Bg5 Bg4 6. h3 Bh5 7. Nc3 h6 8. Bh4
g5 9. Bg3 Nbd7 10. Be2 Bb4 11. Qd2 Ne4 12. Qe3 O-O 13. O-O-O f5 14. Rdf1 Nxg3
15. fxg3 Rc8 16. Ne5 Bxe2 17. Qxe2 Nf6 18. h4 Bxc3 19. bxc3 Ne4 20. Qh5 Qf6 21.
Ng4 Nxg3 22. Nxf6+ {B resigns} 1-0

[Event "BCC Annual Championship"]
[Site "?"]
[Date "2008.11.14"]
[Round "4.10"]
[White "Cole, Tony"]
[Black "Seidel, Michael"]
[Result "0-1"]
[WhiteElo "1355"]
[BlackElo "1451"]
[PlyCount "78"]
[EventDate "2008.??.??"]
[SourceDate "2007.10.22"]

1. e4 e5 2. Nf3 Nc6 3. Nc3 Nf6 4. d4 exd4 5. Nxd4 Bb4 6. Bg5 h6 7. Nxc6 bxc6 8.
Bd2 O-O 9. Bd3 Re8 10. Qf3 d5 11. O-O-O Bg4 12. Qg3 Bd6 13. f4 Bxd1 14. Kxd1
dxe4 15. Bc4 e3 16. Bd3 exd2 17. Kxd2 Ne4+ 18. Nxe4 Rxe4 19. Kd1 Rxf4 20. Qe3
Qe7 21. Qd2 Re8 22. a3 Rg4 23. g3 Qg5 24. Qc3 Qd5 25. Rf1 Be5 26. Re1 Re6 27.
Qd2 Bxb2 28. c4 Rxe1+ 29. Kxe1 Qh1+ 30. Bf1 Re4+ 31. Kf2 Qxh2+ 32. Bg2 Bd4+ 33.
Kf3 Re3+ 34. Qxe3 Bxe3 35. Kxe3 Qxg2 36. Kf4 Qf1+ 37. Kg4 f5+ 38. Kh5 Qf3+ 39.
Kg6 Qg4# 0-1

[Event "Paul Morphy Sunday Night Marathon"]
[Site "?"]
[Date "2008.06.22"]
[Round "5.3"]
[White "Cole, Tony"]
[Black "Sherwood, Peter"]
[Result "0-1"]
[WhiteElo "1437"]
[BlackElo "1720"]
[PlyCount "96"]
[EventDate "2008.05.18"]
[SourceDate "2007.10.22"]

1. e4 c5 2. Nc3 d6 3. Nf3 Nf6 4. d4 cxd4 5. Qxd4 Nc6 6. Bb5 Bd7 7. Bxc6 Bxc6 8.
O-O g6 9. Nd5 Bg7 10. Bg5 Bxd5 11. exd5 O-O 12. c4 Qa5 13. Bd2 Qc7 14. Bc3 Rfc8
15. b3 b5 16. Rfe1 Rab8 17. Re3 bxc4 18. b4 Nh5 19. Qd1 Bxc3 20. Rxc3 Rxb4 21.
g4 Nf6 22. g5 Ne8 23. Nd4 Rb2 24. Qf3 Ng7 25. a4 Qc5 26. Nc6 Nf5 27. Re1 Rc7
28. Rec1 Nd4 29. Nxd4 Qxd4 30. Re3 Rb4 31. Rce1 Rbb7 32. a5 a6 33. Rd1 Qc5 34.
Qh3 Qxa5 35. Qh6 Rb3 36. Re4 Qc3 37. Rh4 Qg7 38. Kg2 Rd3 39. Rb1 Qxh6 40. gxh6
f5 41. Rb8+ Kf7 42. Rh8 g5 43. Rxh7+ Kg6 44. Rg7+ Kf6 45. Rh5 Rc8 46. Rhxg5 Rd4
47. R5g6+ Ke5 48. h3 Rh4 0-1

[Event "BCC Championship"]
[Site "Berkeley"]
[Date "2008.12.12"]
[Round "7.12"]
[White "Cole, Tony"]
[Black "Van Gorder, Neil A"]
[Result "1-0"]
[WhiteElo "1355"]
[BlackElo "1524"]
[PlyCount "103"]
[EventDate "2008.??.??"]
[SourceDate "2007.10.22"]

1. e4 c5 2. Nc3 Nc6 3. Nf3 g6 4. d4 cxd4 5. Nxd4 Bg7 6. Be3 d6 7. Bb5 Bd7 8.
O-O a6 9. Ba4 b5 10. Bb3 Nf6 11. a4 b4 12. Nd5 Nxe4 13. Nxc6 Bxc6 14. Bb6 Qb8
15. Nc7+ Kd7 16. Nxa8 Bxa8 17. a5 Rc8 18. Bxf7 e6 19. Qg4 Bd5 20. Bxe6+ Bxe6
21. Qxe4 Bxb2 22. Rae1 Re8 23. Qxb4 Bf6 24. c4 Bd4 25. Rd1 Bxb6 26. axb6 Rc8
27. c5 Rc6 28. Qa4 d5 29. Qxa6 Rxc5 30. Qa7+ Qxa7 31. bxa7 Ra5 32. Ra1 Rxa7 33.
Rxa7+ Kd6 34. Rxh7 d4 35. Rh6 Bf5 36. Rd1 Kd5 37. Rh8 d3 38. Rd2 Kd4 39. Kf1
Kc3 40. Ke1 Kd4 41. Re8 Kd5 42. g4 Bxg4 43. Rxd3+ Kc6 44. f3 Bf5 45. Rd1 Kc7
46. h4 Kc6 47. Re5 Bd7 48. f4 Kc7 49. Re7 Kd8 50. Rdxd7+ Kc8 51. Rh7 g5 52.
fxg5 1-0

[Event "BCC Adolf Anderssen Friday Night Marath"]
[Site "Berkeley"]
[Date "2009.01.09"]
[Round "1.2"]
[White "Cole, Tony"]
[Black "Watson, Farid Mark"]
[Result "0-1"]
[WhiteElo "1359"]
[BlackElo "1968"]
[PlyCount "110"]
[EventDate "2009.??.??"]
[SourceDate "2007.10.22"]

1. e4 g6 2. Nf3 Bg7 3. d4 d6 4. Nc3 c6 5. h3 Nf6 6. Bc4 O-O 7. Bd3 Nbd7 8. g4
e5 9. dxe5 dxe5 10. Bg5 Qc7 11. Qd2 b5 12. Bh6 b4 13. Ne2 c5 14. b3 Rd8 15.
Bxg7 Kxg7 16. Qg5 c4 17. bxc4 h6 18. Qe3 Rh8 19. g5 Nh5 20. Nh4 Nc5 21. Ng3
Nxg3 22. gxh6+ Rxh6 23. Qxg3 Qe7 24. Nf3 Bb7 25. Qxe5+ Qxe5 26. Nxe5 Re8 27.
Ng4 Rh4 28. f3 f5 29. Nf2 fxe4 30. Bxe4 Nxe4 31. Nxe4 Bxe4 32. O-O-O Bf5 33.
Rd5 Rxc4 34. h4 Rxc2+ 35. Kd1 Rxa2 36. Rxf5 Ra1+ 37. Kd2 Rxh1 38. Rf4 a5 39.
Rd4 Rh2+ 40. Kd3 Rh3 41. Rf4 Rf8 42. Rd4 Rhxf3+ 43. Kc4 R3f4 44. Rxf4 Rxf4+ 45.
Kb3 Kf6 46. Ka4 Ke5 47. Kb3 Kd5 48. Ka4 Kc5 49. Kb3 Kb6 50. Kb2 a4 51. Ka2 Kb5
52. Kb2 Rf2+ 53. Kc1 a3 54. Kb1 b3 55. Kc1 a2 0-1

[Event "BCC Adolf Anderssen Friday Night Marath"]
[Site "Berkeley"]
[Date "2009.01.23"]
[Round "3.12"]
[White "Cole, Tony"]
[Black "Yan, Jimmy"]
[Result "1-0"]
[WhiteElo "1359"]
[BlackElo "1172"]
[PlyCount "65"]
[EventDate "2009.??.??"]
[SourceDate "2007.10.22"]

1. e4 c5 2. Nc3 e6 3. Nf3 Nc6 4. d4 Qc7 5. g3 d6 6. Bb5 Bd7 7. d5 exd5 8. Nxd5
Qd8 9. O-O Nf6 10. Re1 Be7 11. Bg5 O-O 12. Qd2 Re8 13. Bd3 Ne5 14. Nxe7+ Qxe7
15. Nxe5 Qxe5 16. c3 Rad8 17. f4 Qe7 18. e5 dxe5 19. Rxe5 Qf8 20. Qc2 Rxe5 21.
fxe5 c4 22. Bf5 Qc5+ 23. Kf1 Qxe5 24. Rd1 h6 25. Bxf6 Qxf6 26. Kg1 Qb6+ 27. Qf2
Bxf5 28. Rxd8+ Qxd8 29. Qxf5 Qd1+ 30. Kg2 Qe2+ 31. Qf2 Qxf2+ 32. Kxf2 Kf8 33.
Ke3 {score ends here} 1-0

[Event "BCC Annual Championship"]
[Site "?"]
[Date "2008.11.14"]
[Round "4.1"]
[White "Cooklev, Steven"]
[Black "Krasnov, Steven L"]
[Result "0-1"]
[WhiteElo "1287"]
[BlackElo "1961"]
[PlyCount "54"]
[EventDate "2008.??.??"]
[SourceDate "2007.10.22"]

1. e4 e6 2. d4 d5 3. Nc3 dxe4 4. f3 exf3 5. Nxf3 Nf6 6. Bd3 Nc6 7. Bg5 Be7 8.
Qd2 h6 9. Be3 a6 10. O-O b5 11. Ne4 Ng4 12. c3 Nxe3 13. Qxe3 O-O 14. Nf2 f5 15.
Bc2 Bf6 16. Nd3 Re8 17. Nde5 Nxe5 18. Nxe5 Bb7 19. Bd1 Qd6 20. Bf3 Bxf3 21.
Rxf3 c5 22. Rd1 Rad8 23. Rff1 cxd4 24. cxd4 Qb6 25. Rd3 Rd5 26. Nf3 Red8 27.
Rfd1 e5 0-1

[Event "BCC David Pruess Marathon"]
[Site "?"]
[Date "2008.09.19"]
[Round "3.10"]
[White "Cooklev, Steven"]
[Black "Muntean, Tudor"]
[Result "0-1"]
[WhiteElo "1287"]
[BlackElo "1491"]
[Annotator ",Elizabeth"]
[PlyCount "122"]
[EventDate "2008.??.??"]
[SourceDate "2007.10.22"]

1. e4 e5 2. f4 Nf6 3. Nc3 d6 4. Nf3 Bg4 5. Bc4 Nc6 6. O-O Nd4 7. fxe5 Bxf3 8.
Rxf3 Nxf3+ 9. Qxf3 dxe5 10. d3 Bc5+ 11. Kh1 O-O 12. Bg5 Be7 13. Qg3 Nh5 14. Qf3
Bxg5 15. Qxh5 Qf6 16. Nd5 Qh6 17. Qxh6 Bxh6 18. Nxc7 Rac8 19. Nd5 Bg5 20. Rf1
b5 21. Bb3 Rfe8 22. g3 a5 23. c3 a4 24. Bc2 Bd2 25. Rd1 Bg5 26. Rf1 Be7 27. Rf5
f6 28. b3 b4 29. c4 axb3 30. Bxb3 Bc5 31. Kg2 Re6 32. Rf1 Ra6 33. Rc1 Rca8 34.
Kh3 Rxa2 35. Bxa2 Rxa2 36. Rb1 Rd2 37. Nxb4 Bxb4 38. Rxb4 Rxd3 39. Kg4 g6 40.
Rb6 Kg7 41. c5 Re3 42. Rb4 Rc3 43. Rb5 Kf7 44. Rb7+ Kg8 45. Rb5 h5+ 46. Kh3 Rc4
47. Rb6 Kg7 48. c6 Kf7 49. -- Rxe4 50. c7 Rc4 51. Rb7 Ke6 52. Kg2 e4 53. Kf2
Kf5 54. Ke3 Kg4 55. Rb6 Rxc7 56. Rxf6 Kg5 57. Re6 Rc1 58. Kxe4 Re1+ 59. Kd5
Rxe6 60. Kxe6 Kg4 61. Kf6 g5 {black went on to win} 0-1

[Event "BCC Championship"]
[Site "Berkeley"]
[Date "2008.12.19"]
[Round "8.6"]
[White "Cooklev, Steven"]
[Black "Muntean, Tudor"]
[Result "0-1"]
[WhiteElo "1287"]
[BlackElo "1491"]
[PlyCount "24"]
[EventDate "2008.??.??"]
[SourceDate "2007.10.22"]

1. e4 e5 2. f4 Nf6 3. fxe5 Nxe4 4. Qf3 d5 5. exd6 Nxd6 6. d4 Nc6 7. Qf2 Bf5 8.
Bf4 Ne4 9. Qe3 Qxd4 10. Bb5 Qxb2 11. Bxc6+ bxc6 12. Ne2 Bc5 0-1

[Event "BCC Annual Championship"]
[Site "?"]
[Date "2008.10.24"]
[Round "1.6"]
[White "Cooklev, Steven"]
[Black "Sherwood, Peter"]
[Result "1/2-1/2"]
[WhiteElo "1287"]
[BlackElo "1732"]
[PlyCount "64"]
[EventDate "2008.??.??"]
[SourceDate "2007.10.22"]

1. e4 c5 2. b3 Nc6 3. Bb2 d6 4. f4 Nf6 5. Nc3 e5 6. fxe5 Nxe5 7. Nf3 Bg4 8.
Bb5+ Bd7 9. Bxd7+ Qxd7 10. d3 Be7 11. Qe2 Nc6 12. O-O O-O 13. Nd5 Nxd5 14. exd5
Nd8 15. Nd2 f5 16. Rae1 Bf6 17. Bxf6 Rxf6 18. Nf3 g6 19. c3 Rc8 20. Rc1 Qf7 21.
c4 Rc7 22. d4 b6 23. dxc5 bxc5 24. Qd2 Re7 25. Rfe1 Qe8 26. Rxe7 Qxe7 27. Re1
Qd7 28. Qe3 Kf8 29. Qh6+ Kg8 30. Qe3 Kf8 31. Qh6+ Kg8 32. Qe3 Kf8 1/2-1/2

[Event "George Koltanowski Sunday Marathon"]
[Site "?"]
[Date "2007.10.21"]
[Round "1"]
[White "Craven, Richard"]
[Black "Jahedi, Salar"]
[Result "0-1"]
[WhiteElo "1500"]
[BlackElo "2025"]
[PlyCount "70"]
[EventDate "2007.10.28"]
[SourceDate "2007.10.22"]

1. d4 d5 2. Nf3 Nf6 3. Nc3 Bf5 4. Bf4 e6 5. a3 Be7 6. e3 O-O 7. Bd3 Bg4 8. h3
Bh5 9. g4 Bg6 10. g5 Nh5 11. h4 c5 12. Bxg6 hxg6 13. Qd2 Nc6 14. O-O-O a6 15.
e4 cxd4 16. Nxd4 Nxd4 17. Qxd4 Nxf4 18. exd5 Nxd5 19. Nxd5 Qxd5 20. Qb6 Qc5 21.
Qxb7 Rfc8 22. Rd2 Ra7 23. Qf3 Rd7 24. b4 Qc4 25. Rhd1 Qa2 26. c3 Qxa3+ 27. Kb1
Qb3+ 28. Rb2 Rxd1+ 29. Qxd1 Qxd1+ 30. Ka2 Rxc3 31. h5 Qc1 32. h6 Bxb4 33. h7+
Kxh7 34. Rb3 Rc2+ 35. Rb2 Qxb2# 0-1

[Event "BCC Adolf Anderssen Friday Night Marath"]
[Site "Berkeley"]
[Date "2009.01.23"]
[Round "3.9"]
[White "Craven, Richard M"]
[Black "Magganas, Aristotle"]
[Result "0-1"]
[WhiteElo "1515"]
[BlackElo "1096"]
[PlyCount "41"]
[EventDate "2009.??.??"]
[SourceDate "2007.10.22"]

1. d4 Nf6 2. c4 e6 3. Bg5 h6 4. Bh4 d5 5. cxd5 exd5 6. Nc3 Bb4 7. a3 Bxc3+ 8.
bxc3 g5 9. Bg3 Bf5 10. Be5 Nbd7 11. Qa4 c6 12. f3 b5 13. Qa6 Nxe5 14. dxe5 Qc7
15. exf6 Bc8 16. Qxc8+ Rxc8 17. e4 Qe5 18. Rc1 dxe4 19. Be2 exf3 20. Nxf3 Qe3
21. Rc2 0-1

[Event "BCC Annual Championship"]
[Site "?"]
[Date "2008.10.24"]
[Round "1.11"]
[White "Craven, Richard"]
[Black "Shaughnessy, Elizabeth"]
[Result "1-0"]
[WhiteElo "1515"]
[BlackElo "1552"]
[PlyCount "113"]
[EventDate "2008.??.??"]
[SourceDate "2007.10.22"]

1. Nf3 d5 2. d4 Nc6 3. Bf4 e6 4. e3 Nf6 5. Bb5 Bd7 6. O-O a6 7. Bxc6 Bxc6 8.
Nbd2 Be7 9. c4 Nh5 10. Ne5 Nxf4 11. Nxc6 Nh3+ 12. gxh3 bxc6 13. c5 e5 14. Nf3
f6 15. b4 e4 16. Nd2 Qd7 17. Qh5+ g6 18. Qh6 Bf8 19. Qh4 Qf7 20. f3 g5 21. Qg3
h5 22. fxe4 h4 23. Qg4 Be7 24. e5 Rh6 25. e4 Kf8 26. exf6 Rxf6 27. e5 Rf4 28.
Rxf4 gxf4 29. Rf1 Qg7 30. Rxf4+ Kg8 31. Qxg7+ Kxg7 32. e6 Bf6 33. Rg4+ Kh6 34.
Nf3 Re8 35. Nxh4 Rxe6 36. Nf5+ Kh7 37. Kf2 Re8 38. h4 Rf8 39. Ke3 Re8+ 40. Kd3
Re1 41. h5 Rf1 42. Ne3 Rf3 43. Rg3 Rf4 44. Rg4 Rf2 45. Rg6 Rf4 46. Nc2 Rf3+ 47.
Ke2 Rf4 48. Ke3 Re4+ 49. Kf3 Bxd4 50. Nxd4 Rxd4 51. Rxc6 Rxb4 52. Rxc7+ Kh6 53.
Rc6+ Kxh5 54. Rxa6 Rc4 55. Ra5 d4 56. Ke4 Kh4 57. Kd3 1-0

[Event "BCC Championship"]
[Site "Berkeley"]
[Date "2008.12.05"]
[Round "6.4"]
[White "Craven, Richard M"]
[Black "Sherwood, Peter"]
[Result "0-1"]
[WhiteElo "1515"]
[BlackElo "1732"]
[PlyCount "118"]
[EventDate "2008.??.??"]
[SourceDate "2007.10.22"]

1. d4 d5 2. Bf4 Nf6 3. e3 e6 4. c4 c5 5. Nf3 cxd4 6. Bxb8 Qa5+ 7. Nfd2 Rxb8 8.
exd4 Be7 9. Bd3 O-O 10. O-O Bd7 11. a3 Rbc8 12. c5 Qc7 13. Nc3 a6 14. Re1 Qf4
15. Nf3 Qb8 16. b4 Be8 17. Rb1 Nd7 18. Qc2 g6 19. b5 axb5 20. Bxb5 Qa7 21. a4
Bf6 22. Rb4 Nb8 23. Reb1 Nc6 24. Bxc6 Bxc6 25. Qe2 Ra8 26. Nb5 Qb8 27. Nd6 Rxa4
28. Rxa4 Bxa4 29. Rxb7 Qa8 30. Rb6 Rb8 31. Qb2 Rxb6 32. cxb6 Bc6 33. g4 Be7 34.
Ne5 Bxd6 35. Nxc6 Qxc6 36. b7 Bb8 37. g5 Qc7 38. f3 Qf4 39. Qc2 Qxd4+ 40. Kg2
Qc4 41. Qxc4 dxc4 42. Kf2 Bxh2 43. Ke3 Bb8 44. Kd4 Kf8 45. Kxc4 Ke7 46. Kd4 Kd6
47. f4 Kc6 48. Ke4 Kxb7 49. Kf3 Kc6 50. Kg4 Kd5 51. Kf3 Kd4 52. Kg4 Ke4 53. f5
exf5+ 54. Kh4 f4 55. Kg4 Ke3 56. Kh3 f3 57. Kg4 f2 58. Kh3 f1=Q+ 59. Kg4 Qf4+
0-1

[Event "Purdy FNM; 30/90, SD/30"]
[Site "Berkeley"]
[Date "2010.01.08"]
[Round "1.3"]
[White "Craven, Richard M"]
[Black "Smail, John"]
[Result "0-1"]
[WhiteElo "1496"]
[BlackElo "1963"]
[PlyCount "60"]
[EventDate "2010.??.??"]
[SourceDate "2007.10.22"]

1. g3 f5 2. Bg2 Nf6 3. d3 e5 4. e3 g6 5. Ne2 Bg7 6. b3 O-O 7. Bb2 d6 8. c4 Nc6
9. Bxc6 bxc6 10. b4 Bd7 11. O-O Qe7 12. Nd2 d5 13. Qb3 Rfb8 14. a3 a5 15. c5
Be8 16. e4 Bf7 17. exf5 gxf5 18. d4 e4 19. Qc3 Rb5 20. bxa5 Nd7 21. Nb3 Bh5 22.
Nf4 Bf3 23. a4 Rxb3 24. Qxb3 Rb8 25. Qc3 Bh6 26. Bc1 Qe8 27. Nxd5 Qh5 28. Ne7+
Kf7 29. Nxc6 Qh3 30. Qc4+ Kf6 0-1